=LDR 00000nam 2200000 4500 =001 INLIS000000000063636 =005 20240529080952 =035 ##$$a 0010-0524000085 =007 ta =008 240529###########################0###### =082 ##$$a 290.001 3 =084 ##$$a 290.001 3 BUR i =100 #$$a Burhan Lalu =245 1#$$a Islam Sebagai Tujuan /$c DR. H. Lalu Burhan, M.Sc =260 ##$$a Mataram,$c 2013 =300 ##$$a iv. 222 halaman ; $c 21 cm$e Lain-lain =650 #4$$a Agama Islam - Pedoman Hidup =990 ##$$a 11041104 =990 ##$$a 42/162/2013